[Event "Open Int. d'Echecs des Sables d'Olonne 2"]
[Site "Les Sables d'Olonne ; France"]
[Date "2014.07.12"]
[Round "1.1"]
[White "Berthelot, Yannick"]
[Black "Sumets, Andrey"]
[Result "1/2-1/2"]
[WhiteElo "2278"]
[BlackElo "2632"]
[Annotator "Violeau,Jean-Luc"]
[PlyCount "129"]
[EventDate "2014.??.??"]

1. e4 e6 2. d4 d5 3. e5 c5 4. c3 Nc6 5. Nf3 Bd7 6. Be2 Rc8 7. O-O a6 8. c4 dxc4
9. dxc5 Nge7 10. Nbd2 Ng6 11. Nxc4 Bxc5 12. Be3 Na5 13. Nd6+ Bxd6 14. Qxd6 Bc6
15. Qxd8+ Rxd8 16. Bb6 Nf4 17. Rfe1 Nxe2+ 18. Rxe2 Rd5 19. Rc2 Rb5 20. Bc5 Be4
21. Rcc1 Bxf3 22. gxf3 Nc6 23. b4 a5 24. a4 Rxb4 25. Bxb4 axb4 26. Rc5 Kd7 27.
Rb5 Kc7 28. Rc1 Rc8 29. Rxb4 Kb8 30. Rb5 Rc7 31. f4 Ka7 32. Rbb1 Ka6 33. Kg2
Ka5 34. Rd1 Nb4 35. Rd4 Nd5 36. Rb5+ Ka6 37. Rdxd5 exd5 38. Rxd5 Kb6 39. Kf3
Rc3+ 40. Ke4 Kc7 41. f5 Rc6 42. f4 Rc1 43. Rd4 Re1+ 44. Kd5 Kd7 45. Rb4 Rd1+
46. Kc5 Kc7 47. Re4 b6+ 48. Kc4 Rc1+ 49. Kd5 Rc5+ 50. Kd4 Kd7 51. Kd3 b5 52.
Rb4 bxa4 53. Rxa4 Rc6 54. Ra7+ Ke8 55. Ra8+ Ke7 56. Rg8 g6 57. f6+ Ke6 58. Re8+
Kf5 59. Re7 Kxf4 60. Kd4 Rc8 61. Kd5 Kf5 62. Kd6 Rd8+ 63. Rd7 Re8 64. Re7 Rd8+
65. Rd7 {1/2-1/2 Berthelot,Y (2278)-Sumets,A (2632)/LES SABLES D OLONNE 2014}
1/2-1/2

[Event "Open Int. d'Echecs des Sables d'Olonne 2"]
[Site "Les Sables d'Olonne ; France"]
[Date "2014.07.12"]
[Round "1.2"]
[White "Agrest, Evgenij"]
[Black "Roger, Mehdi"]
[Result "1/2-1/2"]
[WhiteElo "2587"]
[BlackElo "2198"]
[Annotator "Violeau,Jean-Luc"]
[PlyCount "182"]
[EventDate "2014.??.??"]

1. c4 Nf6 2. Nc3 g6 3. e4 d6 4. d4 Bg7 5. h3 O-O 6. Bg5 c5 7. d5 e6 8. Bd3 exd5
9. cxd5 Re8 10. Nf3 b6 11. O-O Ba6 12. Bxa6 Nxa6 13. Re1 Nc7 14. Qd3 b5 15.
Rad1 b4 16. Na4 Qd7 17. b3 Qb5 18. Qc2 Nd7 19. Bf4 Ne5 20. Bxe5 Bxe5 21. Nxe5
Rxe5 22. Nb2 Qd7 23. Nc4 Ree8 24. e5 Nb5 25. exd6 Rxe1+ 26. Rxe1 Nxd6 27. Ne5
Qb5 28. Nc6 c4 29. bxc4 Qxc4 30. Qxc4 Nxc4 31. Re4 Nd6 32. Rxb4 Kg7 33. Ra4 a6
34. Rb4 Re8 35. Kf1 Re4 36. Rb6 Nc4 37. f3 Nxb6 38. fxe4 f5 39. d6 fxe4 40. Nb8
Kf6 41. Nxa6 Ke5 42. Nc5 Kxd6 43. Nxe4+ Ke5 44. Ng5 h5 45. Kf2 Kf5 46. h4 Na4
47. Kf3 Nc3 48. a3 Na4 49. Ne4 Ke5 50. Ng3 Nb6 51. Ne2 Na4 52. Nc1 Kf5 53. Nb3
Ke5 54. Na5 Kf5 55. Nc6 Nc3 56. Nd4+ Ke5 57. Ne2 Na4 58. Nf4 Kf5 59. Ne2 Ke5
60. Ke3 Nb2 61. Kf2 Na4 62. Kf3 Kf5 63. Nd4+ Ke5 64. Ke3 Nb2 65. Nf3+ Kf5 66.
Kd4 Kf4 67. Kc3 Na4+ 68. Kb4 Nb6 69. Kc5 Na4+ 70. Kd6 Kg3 71. Ke5 Kxg2 72. Kf4
Kh3 73. Kg5 Nc5 74. Ng1+ Kg3 75. Ne2+ Kf3 76. Nd4+ Kg3 77. Ne2+ Kf3 78. Nc3
Ne6+ 79. Kxg6 Kg4 80. Ne4 Nf4+ 81. Kf6 Nd5+ 82. Kg6 Nf4+ 83. Kf7 Kxh4 84. a4
Nd3 85. a5 Nb4 86. Kg6 Kg4 87. Nf6+ Kf4 88. Kxh5 Ke5 89. Kg5 Kd6 90. Ne4+ Kc6
91. Nc3 Kb7 {1/2-1/2 Agrest,E (2587)-Roger,M (2198)/LES SABLES D OLONNE 2014}
1/2-1/2

[Event "Open Int. d'Echecs des Sables d'Olonne 2"]
[Site "Les Sables d'Olonne ; France"]
[Date "2014.07.12"]
[Round "1.4"]
[White "Kunin, Vitaly"]
[Black "Laplanche, Denis"]
[Result "1-0"]
[WhiteElo "2567"]
[BlackElo "2160"]
[Annotator "Violeau,Jean-Luc"]
[PlyCount "125"]
[EventDate "2014.??.??"]

1. d4 Nf6 2. c4 e6 3. Nf3 b6 4. g3 Ba6 5. Qb3 c6 6. Bg2 Be7 7. O-O O-O 8. Ne5
d5 9. Rd1 Nfd7 10. cxd5 cxd5 11. e4 Nxe5 12. exd5 Bc4 13. Qc2 Nf3+ 14. Bxf3
Bxd5 15. Bxd5 Qxd5 16. Nc3 Qc4 17. b3 Qc8 18. Bb2 Na6 19. Rac1 Bg5 20. f4 Bf6
21. Qe2 Qb7 22. Ne4 Be7 23. d5 exd5 24. Qg4 f6 25. Qe6+ Kh8 26. Qxd5 Qxd5 27.
Rxd5 Rad8 28. Rxd8 Rxd8 29. Kf2 Kg8 30. Ke3 f5 31. Ng5 Bc5+ 32. Ke2 Nb4 33. Nf3
Nc6 34. Ne5 Nxe5 35. Bxe5 Rd7 36. Rc4 a5 37. Rc3 Kf7 38. Rd3 Re7 39. Rd8 g6 40.
Kd3 Ke6 41. Kc4 Bg1 42. Rd6+ Kf7 43. Rf6+ Ke8 44. h3 Bf2 45. g4 fxg4 46. hxg4
g5 47. Kd5 gxf4 48. Bxf4 Re2 49. a4 Bc5 50. Re6+ Rxe6 51. Kxe6 Kf8 52. Bd6+
Bxd6 53. Kxd6 Kf7 54. Kc6 Kg6 55. Kxb6 Kg5 56. Kb5 Kxg4 57. b4 axb4 58. Kxb4 h5
59. a5 h4 60. a6 Kg3 61. a7 h3 62. a8=Q Kh2 63. Qf3 {1-0 Kunin,V (2567)
-Laplanche,D (2160)/LES SABLES D OLONNE 2014} 1-0

[Event "Open Int. d'Echecs des Sables d'Olonne 2"]
[Site "Les Sables d'Olonne ; France"]
[Date "2014.07.12"]
[Round "1.5"]
[White "Keller, Christophe"]
[Black "Le Roux, Jean-Pierre"]
[Result "1/2-1/2"]
[WhiteElo "2140"]
[BlackElo "2560"]
[Annotator "Violeau,Jean-Luc"]
[PlyCount "61"]
[EventDate "2014.??.??"]

1. e4 c6 2. d4 d5 3. Nc3 g6 4. h3 Bg7 5. Nf3 Nh6 6. Bd3 O-O 7. Qe2 c5 8. exd5
cxd4 9. Nxd4 e6 10. O-O exd5 11. Bf4 Nc6 12. Ndb5 d4 13. Ne4 Ne5 14. Ng3 Nxd3
15. Qxd3 a6 16. Nxd4 Qxd4 17. Qxd4 Bxd4 18. Bxh6 Bxb2 19. Rab1 Bg7 20. Bxg7
Kxg7 21. Rb6 Be6 22. a3 Bd5 23. Rd1 Bc6 24. Ne2 Rfd8 25. Nd4 Rac8 26. c3 Bd5
27. Rd3 Kf8 28. f3 Rd7 29. Kf2 Rdc7 30. Ne2 Bc4 31. Re3 {et nulle au coup 47.}
1/2-1/2

[Event "Open Int. d'Echecs des Sables d'Olonne 2"]
[Site "Les Sables d'Olonne ; France"]
[Date "2014.07.12"]
[Round "1.6"]
[White "Greenfeld, Alon"]
[Black "Dubois, Pierre"]
[Result "1-0"]
[WhiteElo "2540"]
[BlackElo "2124"]
[PlyCount "69"]
[EventDate "2014.??.??"]

1. d4 Nf6 2. Nf3 g6 3. g3 Bg7 4. Bg2 O-O 5. c4 d6 6. Nc3 Nc6 7. O-O e5 8. d5
Ne7 9. c5 e4 10. cxd6 Qxd6 11. Ng5 Nexd5 12. Ngxe4 Nxc3 13. Nxd6 Nxd1 14. Nxc8
Raxc8 15. Rxd1 Rcd8 16. Be3 b6 17. h3 Nh5 18. g4 Nf6 19. Bc6 h5 20. g5 Nh7 21.
Rab1 f6 22. h4 fxg5 23. hxg5 Be5 24. b4 Rd6 25. b5 Rfd8 26. Rxd6 Rxd6 27. Rb4
Nf8 28. Re4 Rd1+ 29. Kg2 Bd6 30. Bd4 Kh7 31. Bd5 Rb1 32. Bb3 Rc1 33. Re8 h4 34.
Re4 h3+ 35. Kf3 1-0

[Event "Open Int. d'Echecs des Sables d'Olonne 2"]
[Site "Les Sables d'Olonne ; France"]
[Date "2014.07.12"]
[Round "1.7"]
[White "Maleki, Nicolas"]
[Black "Lagarde, Maxime"]
[Result "0-1"]
[WhiteElo "2121"]
[BlackElo "2521"]
[PlyCount "47"]
[EventDate "2014.??.??"]

1. d4 Nf6 2. Nf3 g6 3. c4 Bg7 4. Nc3 O-O 5. Bg5 c5 6. e3 Nc6 7. d5 Na5 8. Be2
d6 9. O-O a6 10. Qc2 h6 11. Bh4 Rb8 12. Rad1 Bg4 13. b3 Qd7 14. Ne1 Bxe2 15.
Nxe2 b5 16. Qd2 Qc7 17. cxb5 axb5 18. Nc3 b4 19. Bxf6 exf6 20. Na4 c4 21. Qc2
Rfc8 22. bxc4 Nxc4 23. Rc1 Qa5 24. Nf3 0-1

[Event "Open Int. d'Echecs des Sables d'Olonne 2"]
[Site "Les Sables d'Olonne ; France"]
[Date "2014.07.12"]
[Round "1.8"]
[White "Chabanon, Jean-Luc"]
[Black "Ralle, Pierre"]
[Result "1-0"]
[WhiteElo "2477"]
[BlackElo "2116"]
[PlyCount "81"]
[EventDate "2014.??.??"]

1. d4 Nf6 2. c4 e6 3. Nf3 d5 4. g3 Be7 5. Bg2 O-O 6. O-O dxc4 7. Ne5 Nc6 8.
Bxc6 bxc6 9. Nxc6 Qe8 10. Nxe7+ Qxe7 11. Qa4 a5 12. Qxc4 Ba6 13. Qc2 Rfd8 14.
Be3 Nd5 15. Nc3 Nxe3 16. fxe3 c5 17. Rad1 Rab8 18. Rf4 cxd4 19. Rfxd4 Rxd4 20.
exd4 Qb4 21. Rd2 h5 22. Qe4 a4 23. a3 Qa5 24. Qe5 Qxe5 25. dxe5 Bb5 26. Rd4 Be8
27. Rb4 Ra8 28. Kf2 Ra5 29. e4 Kf8 30. Ke3 Ke7 31. Kd4 g5 32. Rb7+ Kd8 33. Rb8+
Ke7 34. h4 gxh4 35. gxh4 Ra7 36. Ne2 Bc6 37. Ng3 Rd7+ 38. Kc5 Rd3 39. Nxh5 Bd7
40. Nf6 Rd2 41. Ng8# 1-0

[Event "Open Int. d'Echecs des Sables d'Olonne 2"]
[Site "Les Sables d'Olonne ; France"]
[Date "2014.07.12"]
[Round "1.9"]
[White "Soyer, Jean-Yves"]
[Black "Meijers, Viesturs"]
[Result "0-1"]
[WhiteElo "2080"]
[BlackElo "2475"]
[PlyCount "86"]
[EventDate "2014.??.??"]

1. Nf3 Nf6 2. c4 e6 3. g3 d5 4. Bg2 dxc4 5. Qa4+ Nbd7 6. Qxc4 c5 7. Qc2 b6 8.
b3 Bb7 9. Bb2 Be7 10. O-O O-O 11. d3 Rc8 12. Nbd2 Nd5 13. a3 Bf6 14. Ne4 Bxb2
15. Qxb2 Qe7 16. Rac1 f5 17. Ned2 N5f6 18. Rfe1 Rcd8 19. b4 Ba8 20. Nc4 Rc8 21.
b5 Rce8 22. Nfe5 Bxg2 23. Kxg2 Nxe5 24. Nxe5 Ng4 25. Nxg4 fxg4 26. Rc4 h5 27.
Qe5 Rf5 28. Qe3 Qd7 29. a4 Qd5+ 30. Re4 Re5 31. f3 Rxe4 32. Qxe4 Qxe4 33. fxe4
Rd8 34. Rc1 Kf7 35. Kf2 Kf6 36. a5 Rd4 37. axb6 axb6 38. Rc4 Ke5 39. Ke3 g5 40.
Rxd4 cxd4+ 41. Kd2 Kd6 42. e5+ Kxe5 43. e3 Kd5 0-1

[Event "Open Int. d'Echecs des Sables d'Olonne 2"]
[Site "Les Sables d'Olonne ; France"]
[Date "2014.07.12"]
[Round "1.10"]
[White "Tirard, Hugo"]
[Black "Maloberti, David"]
[Result "1-0"]
[WhiteElo "2439"]
[BlackElo "2037"]
[PlyCount "67"]
[EventDate "2014.??.??"]

1. e4 e6 2. d4 d5 3. Nc3 Bb4 4. exd5 exd5 5. Bd3 Nf6 6. Nge2 O-O 7. O-O Bg4 8.
f3 Bh5 9. Nf4 Bg6 10. Nxg6 hxg6 11. Bg5 c6 12. f4 Qb6 13. Bxf6 gxf6 14. Qg4
Qxd4+ 15. Kh1 f5 16. Bxf5 Na6 17. Bd3 Nc5 18. Ne2 Qg7 19. f5 Nxd3 20. cxd3 Bd6
21. fxg6 Qxg6 22. Qh3 Rae8 23. Nd4 Qh7 24. Rf6 Qxh3 25. gxh3 Be5 26. Rg1+ Kh7
27. Rf5 Kh6 28. Nf3 f6 29. d4 Bc7 30. Nh4 Rg8 31. Rxf6+ Kh5 32. Ng6 Re2 33.
Nf4+ Bxf4 34. Rxg8 1-0

[Event "Open Int. d'Echecs des Sables d'Olonne 2"]
[Site "Les Sables d'Olonne ; France"]
[Date "2014.07.12"]
[Round "1.11"]
[White "Bordais, Benjamin"]
[Black "Okhotnik, Vladimir"]
[Result "0-1"]
[WhiteElo "2035"]
[BlackElo "2396"]
[PlyCount "89"]
[EventDate "2014.??.??"]

1. e4 Nc6 2. Nf3 d6 3. d4 Nf6 4. d5 Nb8 5. Nc3 g6 6. Be3 c6 7. Qd2 cxd5 8. exd5
Bg7 9. Be2 O-O 10. O-O Na6 11. Bh6 Bg4 12. Bxg7 Kxg7 13. h3 Bxf3 14. Bxf3 Qb6
15. Rfe1 Rac8 16. Rab1 Rfe8 17. Ne4 Qc7 18. c3 Nc5 19. Nxc5 Qxc5 20. Rbd1 Qc4
21. a3 a6 22. Qd4 Rc5 23. Qxc4 Rxc4 24. Rd2 Kf8 25. Red1 Rec8 26. Rd4 h5 27. g3
Nd7 28. Be2 R4c5 29. Rb4 R8c7 30. f4 Ra5 31. Kf2 Rac5 32. Ke3 b5 33. a4 bxa4
34. Rxa4 a5 35. f5 Nf6 36. fxg6 Nxd5+ 37. Kd4 Nf6 38. Ra2 fxg6 39. Rda1 Re5 40.
Bd3 Rcc5 41. c4 Rg5 42. b3 Nd7 43. Rf2+ Kg7 44. Rg1 Nf6 45. Kc3 0-1

[Event "Open Int. d'Echecs des Sables d'Olonne 2"]
[Site "Les Sables d'Olonne ; France"]
[Date "2014.07.12"]
[Round "1.12"]
[White "Djuric, Stefan"]
[Black "Algars, Olle"]
[Result "1-0"]
[WhiteElo "2393"]
[BlackElo "2033"]
[PlyCount "47"]
[EventDate "2014.??.??"]

1. e4 c5 2. Nf3 e6 3. Nc3 Nc6 4. d4 cxd4 5. Nxd4 a6 6. Bf4 Qf6 7. Be3 Bc5 8.
Nf5 Bxe3 9. Nxe3 Nge7 10. Nc4 O-O 11. Nb6 Rb8 12. Qd6 Qd4 13. Qxd4 Nxd4 14.
O-O-O Nec6 15. Ne2 e5 16. c3 Nxe2+ 17. Bxe2 Rd8 18. Bg4 h5 19. Bh3 Na5 20. Rd6
Kf8 21. a4 Ke7 22. Rhd1 Nc6 23. Nxc8+ Rbxc8 24. Rxd7+ 1-0

[Event "Open Int. d'Echecs des Sables d'Olonne 2"]
[Site "Les Sables d'Olonne ; France"]
[Date "2014.07.12"]
[Round "1.13"]
[White "Bernard, Alien"]
[Black "Saada, Julien"]
[Result "0-1"]
[WhiteElo "2027"]
[BlackElo "2378"]
[PlyCount "74"]
[EventDate "2014.??.??"]

1. e4 c6 2. d4 d5 3. exd5 cxd5 4. Bd3 Nc6 5. c3 Qc7 6. Ne2 Bg4 7. f3 Bh5 8. Bf4
Qd7 9. O-O Bg6 10. Bg3 Bxd3 11. Qxd3 e6 12. Nd2 Nh6 13. Nb3 Be7 14. Nc5 Bxc5
15. dxc5 Nf5 16. b4 O-O 17. Rab1 a5 18. a3 Nxg3 19. Nxg3 Ne5 20. Qe2 Nc4 21.
Ra1 Qc7 22. f4 axb4 23. cxb4 g6 24. Qd3 b6 25. Ne4 f6 26. Qd4 Kg7 27. cxb6 Nxb6
28. Nc5 Qd6 29. Rfc1 Rf7 30. Re1 Re7 31. a4 e5 32. fxe5 fxe5 33. Qh4 e4 34.
Rad1 Qe5 35. a5 Nc8 36. Kh1 Rb8 37. Nd3 Qd6 0-1

[Event "Open Int. d'Echecs des Sables d'Olonne 2"]
[Site "Les Sables d'Olonne ; France"]
[Date "2014.07.12"]
[Round "1.14"]
[White "Sriram, Jha"]
[Black "Caderon, Michel"]
[Result "1-0"]
[WhiteElo "2375"]
[BlackElo "2027"]
[PlyCount "35"]
[EventDate "2014.??.??"]

1. d4 Nf6 2. c4 g6 3. Nc3 Bg7 4. e4 d6 5. f3 O-O 6. Be3 e5 7. Nge2 exd4 8. Nxd4
Nc6 9. Qd2 Re8 10. Be2 Ne5 11. O-O a5 12. Ndb5 b6 13. Rac1 Ba6 14. Bg5 Qd7 15.
Bxf6 Bxf6 16. Nd5 Bd8 17. Nbxc7 Bb7 18. f4 1-0

[Event "Open Int. d'Echecs des Sables d'Olonne 2"]
[Site "Les Sables d'Olonne ; France"]
[Date "2014.07.12"]
[Round "1.15"]
[White "Hubert, Raphael"]
[Black "Bedouin, Xavier"]
[Result "1-0"]
[WhiteElo "2025"]
[BlackElo "2341"]
[PlyCount "141"]
[EventDate "2014.??.??"]

1. e4 c5 2. Nf3 g6 3. Bc4 Bg7 4. d4 cxd4 5. O-O Nc6 6. Bf4 Nf6 7. Nxd4 O-O 8.
Nc3 Nxe4 9. Nxc6 Nxc3 10. Nxd8 Nxd1 11. Nxf7 e6 12. Raxd1 Rxf7 13. Bc1 d5 14.
Bb3 b5 15. Rfe1 Bd7 16. c3 a5 17. a3 Rc8 18. Be3 b4 19. axb4 axb4 20. cxb4 Bxb2
21. Bc5 Rb8 22. Re3 Bg7 23. h4 Bf8 24. h5 gxh5 25. Rg3+ Rg7 26. Rh3 Be8 27. Re3
Bf7 28. Ra1 Rg4 29. Bd1 Rf4 30. Rg3+ Kh8 31. Ba7 Rb7 32. Be3 h4 33. Ra8 hxg3
34. Bxf4 Kg7 35. Be5+ Kg6 36. Bc2+ Kg5 37. f4+ Kh6 38. Rxf8 Bg6 39. f5 exf5 40.
Bxg3 Rxb4 41. Bxf5 Kg5 42. Be6 Be4 43. Rf2 Rc4 44. Be5 Rc2 45. Rxc2 Bxc2 46.
Bxd5 Kf5 47. Bc7 Kg4 48. Bf3+ Kg5 49. Kf2 Bg6 50. g3 Bb1 51. Bf4+ Kf5 52. Ke3
Bc2 53. Bh5 Kf6 54. Bh6 Ke5 55. Bg4 Kf6 56. Kf4 Kg6 57. Bg5 h6 58. Bh4 Bd3 59.
Bf3 Bc4 60. Be4+ Kf7 61. Ke5 Bf1 62. Kd6 Be2 63. Bd5+ Kg6 64. Ke7 Bd1 65. Be4+
Kg7 66. Bf6+ Kg8 67. Bd5+ Kh7 68. Bf7 Be2 69. Bd4 Bd3 70. Kf6 Bc2 71. Be6 1-0

[Event "Open Int. d'Echecs des Sables d'Olonne 2"]
[Site "Les Sables d'Olonne ; France"]
[Date "2014.07.13"]
[Round "2.1"]
[White "Degraeve, Jean-Marc"]
[Black "Tirard, Hugo"]
[Result "1-0"]
[WhiteElo "2579"]
[BlackElo "2439"]
[Annotator "Violeau,Jean-Luc"]
[PlyCount "103"]
[EventDate "2014.??.??"]

1. e4 c5 2. Nf3 Nc6 3. c3 Nf6 4. e5 Nd5 5. Bc4 e6 6. d4 cxd4 7. cxd4 d6 8. O-O
Be7 9. Qe2 O-O 10. Rd1 Bd7 11. Bd2 Qc7 12. Nc3 Nxc3 13. Bxc3 dxe5 14. dxe5 Rfd8
15. Bd3 Be8 16. Qe4 g6 17. h4 Rd5 18. Bc4 Rxd1+ 19. Rxd1 Rd8 20. Rxd8 Nxd8 21.
Be2 Qc6 22. Qf4 Qd5 23. a3 Bb5 24. Bxb5 Qxb5 25. Nd2 Qd5 26. Ne4 Nc6 27. Kh2
Qd8 28. g3 a6 29. Nd6 Bxd6 30. exd6 Qe8 31. Bf6 Nb8 32. Qh6 Qf8 33. Qc1 Nd7 34.
Be7 Qe8 35. Qc7 b6 36. b4 h6 37. Qb7 a5 38. bxa5 bxa5 39. Qb5 Qc8 40. Qxa5 Qc2
41. Qa8+ Kh7 42. Kg2 e5 43. Qd5 Kg8 44. Qb7 Qf5 45. Qf3 Qc2 46. h5 e4 47. Qe3
Kg7 48. Qd4+ f6 49. Bxf6+ Nxf6 50. d7 e3 51. Qxf6+ Kxf6 52. d8=Q+ {1-0
Degraeve,J (2579)-Tirard,H (2439)/LES SABLES D OLONNE 2014} 1-0

[Event "Open Int. d'Echecs des Sables d'Olonne 2"]
[Site "Les Sables d'Olonne ; France"]
[Date "2014.07.13"]
[Round "2.2"]
[White "Okhotnik, Vladimir"]
[Black "Kunin, Vitaly"]
[Result "0-1"]
[WhiteElo "2396"]
[BlackElo "2567"]
[Annotator "Violeau,Jean-Luc"]
[PlyCount "84"]
[EventDate "2014.??.??"]
[BlackClock "0:47:50"]

1. e4 c5 2. Nf3 e6 3. b3 Nc6 4. Bb2 d6 5. d4 cxd4 6. Nxd4 e5 7. Nxc6 bxc6 8.
Bd3 Ne7 9. Nd2 Ng6 10. Nc4 Be7 11. Ne3 Bg5 12. g3 Bxe3 13. fxe3 O-O 14. Qd2 Bh3
15. O-O-O Qg5 16. Kb1 Rfd8 17. Rhg1 h5 18. g4 hxg4 19. Rg3 Qf6 20. Bc4 Nh4 21.
Rxh3 gxh3 22. Rf1 Qg5 23. Bxf7+ Kh7 24. Be6 Rf8 25. Rc1 Rad8 26. Bxh3 Rf3 27.
Bf1 Qxe3 28. Qa5 Rdf8 29. Bc4 R3f6 30. Qc7 Nf3 31. Bd3 Rg6 32. Qxc6 Rg1 33. a4
Rf6 34. h3 Nd4 35. Qb7 Nxc2 36. Rxg1 Qxg1+ 37. Kxc2 Rf2+ 38. Kc3 Qe1+ 39. Kc4
Rxb2 40. Qxa7 Qc1+ 41. Kb4 Qe1+ 42. Kc4 Rd2 {Kd4 0-1 Okhotnik,V (2396)-Kunin,V
(2567)/LES SABLES D OLONNE 2014} 0-1

[Event "Open Int. d'Echecs des Sables d'Olonne 2"]
[Site "Les Sables d'Olonne ; France"]
[Date "2014.07.13"]
[Round "2.3"]
[White "Djuric, Stefan"]
[Black "Greenfeld, Alon"]
[Result "1/2-1/2"]
[WhiteElo "2393"]
[BlackElo "2540"]
[Annotator "Violeau,Jean-Luc"]
[PlyCount "35"]
[EventDate "2014.??.??"]

1. d4 Nf6 2. c4 g6 3. Nc3 d5 4. Nf3 Bg7 5. Bg5 Ne4 6. Bh4 Nxc3 7. bxc3 dxc4 8.
e3 Be6 9. Rb1 O-O 10. Rxb7 Nd7 11. Rb1 c5 12. Be2 cxd4 13. Nxd4 Bd5 14. O-O Nf6
15. f3 e5 16. Nc2 Qa5 17. Nb4 Be6 18. e4 {1/2-1/2 Djuric,S (2393)-Greenfeld,A 
(2540)/LES SABLES D OLONNE 2014} 1/2-1/2

[Event "Open Int. d'Echecs des Sables d'Olonne 2"]
[Site "Les Sables d'Olonne ; France"]
[Date "2014.07.13"]
[Round "2.4"]
[White "Lagarde, Maxime"]
[Black "Sriram, Jha"]
[Result "1-0"]
[WhiteElo "2521"]
[BlackElo "2375"]
[Annotator "Violeau,Jean-Luc"]
[PlyCount "71"]
[EventDate "2014.??.??"]

1. c4 e6 2. d4 d5 3. Nc3 c6 4. e4 dxe4 5. Nxe4 Bb4+ 6. Bd2 Qxd4 7. Bxb4 Qxe4+
8. Ne2 Na6 9. Bf8 e5 10. Qd6 Qg6 11. Qxg6 hxg6 12. Bxg7 Rh4 13. Bxe5 Nb4 14.
Rd1 Re4 15. Bd6 a5 16. a3 Na6 17. f3 Re6 18. Kf2 Ne7 19. c5 Nd5 20. Nc3 Ne3 21.
Rd2 Nxf1 22. Rxf1 Nb8 23. Ne4 f6 24. Bxb8 Rxe4 25. fxe4 Rxb8 26. Ke3 Ke7 27.
Rdf2 f5 28. exf5 Bxf5 29. g4 Be6 30. Kf4 g5+ 31. Kg3 Rd8 32. Re1 Rd4 33. Rf5
Rd3+ 34. Rf3 Rd4 35. h3 Kd7 36. Rfe3 {1-0 Lagarde,M (2521)-Sriram,J (2375)/LES
SABLES D OLONNE 2014} 1-0

[Event "Open Int. d'Echecs des Sables d'Olonne 2"]
[Site "Les Sables d'Olonne ; France"]
[Date "2014.07.13"]
[Round "2.5"]
[White "Saada, Julien"]
[Black "Chabanon, Jean-Luc"]
[Result "0-1"]
[WhiteElo "2378"]
[BlackElo "2477"]
[Annotator "Violeau,Jean-Luc"]
[PlyCount "82"]
[EventDate "2014.??.??"]

1. d4 Nf6 2. Nf3 d5 3. c4 e6 4. e3 Be7 5. b3 O-O 6. Bd3 c5 7. O-O cxd4 8. exd4
b6 9. Bb2 Bb7 10. Nbd2 Nbd7 11. Qe2 Qb8 12. Ne5 Nxe5 13. dxe5 Nd7 14. Rad1 Nc5
15. Bb1 Rd8 16. Qh5 g6 17. Qg4 Rd7 18. cxd5 Bxd5 19. Nc4 Qf8 20. Ne3 Rad8 21.
Qe2 Bb7 22. Rxd7 Rxd7 23. Rd1 Qd8 24. Rxd7 Qxd7 25. Qd1 Qxd1+ 26. Nxd1 Kf8 27.
f3 Ba6 28. Nf2 Ke8 29. Bd4 Kd7 30. b4 {(=)} Nb7 31. a3 Bc4 32. Ne4 Kc6 33. Nc3
a5 34. Be4+ Kc7 35. bxa5 bxa5 36. a4 Bc5 37. Bf2 Bb4 38. Nb5+ Bxb5 39. axb5 Bc5
40. Kf1 Bxf2 41. Kxf2 Nc5 0-1

[Event "Open Int. d'Echecs des Sables d'Olonne 2"]
[Site "Les Sables d'Olonne ; France"]
[Date "2014.07.13"]
[Round "2.6"]
[White "Meijers, Viesturs"]
[Black "Deslandes, Pascal"]
[Result "1-0"]
[WhiteElo "2475"]
[BlackElo "2291"]
[PlyCount "65"]
[EventDate "2014.??.??"]

1. Nf3 Nf6 2. c4 g6 3. b3 Bg7 4. Bb2 O-O 5. g3 d6 6. Bg2 e5 7. O-O Re8 8. Nc3
c6 9. Rc1 Na6 10. a3 Nc7 11. b4 d5 12. cxd5 cxd5 13. Na4 e4 14. Nd4 Ne6 15. d3
Nxd4 16. Bxd4 b6 17. Nc3 Bf5 18. dxe4 dxe4 19. h3 h5 20. e3 Rc8 21. Qe2 Qd7 22.
Kh2 Qe6 23. Qb2 Rc6 24. Ne2 Rec8 25. Nf4 Qd7 26. Ne2 Qe7 27. Rxc6 Rxc6 28. b5
Rd6 29. Rc1 Kf8 30. a4 Nd5 31. Qb3 Rd8 32. Ba1 Qb4 33. Qa2 1-0

[Event "Open Int. d'Echecs des Sables d'Olonne 2"]
[Site "Les Sables d'Olonne ; France"]
[Date "2014.07.13"]
[Round "3.1"]
[White "Chabanon, Jean-Luc"]
[Black "Degraeve, Jean-Marc"]
[Result "1/2-1/2"]
[WhiteElo "2477"]
[BlackElo "2579"]
[Annotator "Violeau,Jean-Luc"]
[PlyCount "143"]
[EventDate "2014.??.??"]

1. d4 d6 2. e4 Nf6 3. Nc3 e5 4. dxe5 dxe5 5. Qxd8+ Kxd8 6. Bg5 Be6 7. O-O-O+
Nbd7 8. f4 exf4 9. Nf3 h6 10. Bxf4 Bc5 11. Nd4 Ng4 12. Nxe6+ fxe6 13. Bc4 Ke7
14. Rde1 Bd6 15. g3 Nge5 16. Be2 a6 17. h4 Rhf8 18. Ref1 Rf6 19. Be3 Raf8 20.
Rxf6 Rxf6 21. g4 Ng6 22. g5 hxg5 23. hxg5 Rf8 24. Kd2 Rh8 25. Rxh8 Nxh8 26. Nd1
Nf7 27. Nf2 Bc5 28. Nh3 Bxe3+ 29. Kxe3 e5 30. Bg4 Nc5 31. b3 Nd6 32. Nf2 a5 33.
c3 Nf7 34. Nh3 b5 35. Bf5 b4 36. cxb4 axb4 37. Bg4 Nd6 38. Nf2 Nb5 39. Nd3 Nxd3
40. Kxd3 Nd6 41. Bh5 Kd7 42. Bg6 Kc6 43. Bf5 Kc5 44. Be6 Nb5 45. Bg4 c6 46. Bh5
Nd6 47. Bg6 Kb5 48. Ke3 c5 49. Kd3 c4+ 50. bxc4+ Nxc4 51. Be8+ Kc5 52. Bf7 Nd6
53. Bg8 Nb5 54. Bb3 Nd4 55. Ke3 Nb5 56. Kd3 Nd6 57. Be6 Kb5 58. Bb3 Ka5 59. Ke3
Kb5 60. Kd3 Nb7 61. Ke3 Nc5 62. Kf3 Nd3 63. Kg4 g6 64. Bf7 Nf4 65. Bxg6 Nxg6
66. Kf5 Nf8 67. Kxe5 Ka4 68. Kd5 Ng6 69. Kc5 Ka3 70. Kb5 Ne5 71. Kc5 Ng6 72.
Kb5 {1/2-1/2 Chabanon,J (2477)-Degraeve,J (2579)/LES SABLES D OLONNE 2014}
1/2-1/2

[Event "Open Int. d'Echecs des Sables d'Olonne 2"]
[Site "Les Sables d'Olonne ; France"]
[Date "2014.07.13"]
[Round "3.2"]
[White "Kunin, Vitaly"]
[Black "Lagarde, Maxime"]
[Result "1-0"]
[WhiteElo "2567"]
[BlackElo "2521"]
[Annotator "Violeau,Jean-Luc"]
[PlyCount "91"]
[EventDate "2014.??.??"]

1. d4 f5 2. Nc3 d5 3. Bg5 h6 4. Bf4 Nf6 5. e3 e6 6. Be2 Bd6 7. Bh5+ Kf8 8. Be2
g5 9. Bg3 Ne4 10. Nxe4 dxe4 11. Qd2 Nd7 12. O-O-O Nf6 13. Bc4 Bd7 14. Ne2 b5
15. Bb3 a5 16. a3 b4 17. h4 Rg8 18. hxg5 hxg5 19. Kb1 bxa3 20. Bxd6+ cxd6 21.
bxa3 d5 22. c4 Kg7 23. Ka1 dxc4 24. Bxc4 Qe7 25. Qa2 Rac8 26. Rb1 Rc7 27. Rhc1
Rh8 28. Ng3 Rhc8 29. Ne2 Qd6 30. f3 exf3 31. gxf3 Qh2 32. Rh1 Qf2 33. Rhf1 Qg2
34. Bd3 Nd5 35. Rg1 Qxf3 36. Rxg5+ Kf6 37. Rg3 Qf2 38. e4 Nc3 39. Qd2 f4 40.
e5+ Kf7 41. Rg4 Nxe2 42. Bxe2 Rc2 43. Qd3 Kf8 44. Qe4 Rxe2 45. Rxf4+ Kg7 46.
Rxf2 {1-0 Kunin,V (2567)-Lagarde,M (2521)/LES SABLES D OLONNE 2014} 1-0

[Event "Open Int. d'Echecs des Sables d'Olonne 2"]
[Site "Les Sables d'Olonne ; France"]
[Date "2014.07.13"]
[Round "3.3"]
[White "Greenfeld, Alon"]
[Black "Meijers, Viesturs"]
[Result "1-0"]
[WhiteElo "2540"]
[BlackElo "2475"]
[Annotator "Violeau,Jean-Luc"]
[PlyCount "79"]
[EventDate "2014.??.??"]

1. d4 Nf6 2. Nf3 e6 3. e3 b6 4. Bd3 Bb7 5. O-O Be7 6. c4 O-O 7. Nc3 c5 8. d5
exd5 9. cxd5 Nxd5 10. Nxd5 Bxd5 11. Bxh7+ Kxh7 12. Qxd5 Nc6 13. Bd2 Bf6 14. Bc3
Kg8 15. Rad1 Bxc3 16. bxc3 Qf6 17. Qh5 g6 18. Qh6 Qxc3 19. Rd4 Nxd4 20. exd4
Rfe8 21. Ng5 Qc4 22. h4 cxd4 23. Qh7+ Kf8 24. Qh8+ Ke7 25. Re1+ Kd6 26. Rxe8
Qc1+ 27. Kh2 Qf4+ 28. Kh3 Rxe8 29. Qxe8 Kc7 30. Nf3 d3 31. Qe3 Qc4 32. a3 a5
33. Kg3 Kb7 34. Qf4 Qd5 35. Nd2 Ka6 36. Qc4+ Qxc4 37. Nxc4 Kb5 38. Nb2 Kc5 39.
Kf4 Kd4 40. g4 {1-0 Greenfeld,A (2540)-Meijers,V (2475)/LES SABLES D OLONNE
2014} 1-0